[Event "Euwe-LSG 41/2-51/2"]
[Site "?"]
[Date "2007.02.03"]
[Round "5"]
[White "Bakker, Sven"]
[Black "Witt, Rob"]
[Result "1-0"]
[WhiteElo "2231"]
[BlackElo "2220"]
[PlyCount "129"]
[EventDate "2007.??.??"]

{In de 5e KNSB ronde moetsen we tegen ELO favoriet LSG II. Op hun site kan je
lezen dat hun spelers de stricte opdracht hebben om het K-woord te vermijden.
Ik had me op bord 1 voorbereid op Leon Konings en Rudy van Wessel, maar dat
blijkt vergeefse moeite te zijn geweest. Helaas zat ik onder de pijnstillers
vanwege een beginnende kaakontsteking o.i.d. zodat ik me niet al te fit voelde.
Toch kan dat geen excuus zijn voor de blunders die ik in deze partij maak. Ik
weet niet of mijn tegenstander Sven Bakker iets mankeerde. Hij kreeg in ieder
geval een goede stelling cadeau, maar zijn onzekere spel en veel tijdverbruik
hadden mij en ons team nog bijna succes gebracht. En dat terwijl ik me al
enige uren had verzoend met een nederlaag.} 1. d4 Nf6 2. c4 e6 3. Nc3 {Hier
had ik niks op voorbereid.} Bb4 {Ik kan me niet meer herinneren wanneer ik
voor het laatst Nimzoïndisch heb gespeeld.} 4. e3 b6 {4' Zo heb ik in de jaren
zeventig vaak gespeeld.} 5. Nge2 c5 {Tegen Leon s had ik het Aangenomen
Damegambiet voorbereid en tegen Van Wessel het Dameïndisch. Bij het naspelen
van hun partijen zag ik een paar keer deze variant. Ik weet er niets van en
vond het de moeite waard om eens te bestuderen. Ik besloot het nu maar gelijk
te spelen omdat ik dit seizoen goede ervaringen heb met openingen die ik
zelden of nooit speel. Bij thuiskomst zag ik tot mijn verbazing dat ECO van
Nunn de zet niet eens noemt.} ({Vroeger speelde ik hier altijd} 5... Ba6 {
zoals Bobby Fischer een aantal keren speelde.}) 6. a3 Ba5 7. Rb1 {4'} Na6 8.
Bd2 ({Een andere speelwijze is} 8. Qa4 {bijv.} Qe7 9. dxc5 Nxc5 10. Qc2 Bxc3+
11. Nxc3 Bb7 12. f3 $13) 8... O-O {7'} 9. Qa4 {18'} ({Volgens mijn database
wordt vaker} 9. Ng3 {gespeeld en die zet lijkt me ook beter.}) 9... Qe7 {15'}
10. Ng3 {21'} Bb7 {17'} 11. f3 {25' Nieuw in deze stelling.} (11. d5) 11... Bc6
$6 {42' Na 25 n nadenken deze zwakke zet met ook nog eens een verkeerde
bedoeling.} ({Mijn eerste gedachte was} 11... d5 {Meestal een goeie reactie
als wit f3 speelt. Maar ik vertrouwde het uiteindelijk niet wegens} 12. cxd5
cxd4 (12... exd5 13. Bxa6 Bxa6 14. b4 cxd4 15. Nf5 Qe5 16. Nxd4 $16) 13. Qxd4 (
13. exd4 Nxd5 14. b4 {en ik moet een onduidelijk stukoffer brengen.}) 13...
Nxd5 14. Nxd5 ({Minder goed is} 14. b4 Ndxb4 15. axb4 Nxb4 {met een kansrijke
stelling voor zwart.}) 14... Bxd2+ 15. Kxd2 exd5 ({De mogelijkheid} 15... Bxd5
$5 {heb ik niet gezien.} 16. Bxa6 Rad8 {Rybka vindt het beter voor wit en
Fritz vindt het onduidelijk.} 17. Bd3 Bxf3 18. Qb4) 16. Nf5 Qg5 17. Bxa6 Bxa6
18. g4 {en dit leek me heel goed voor wit.}) ({De gedachte dat ik een
ontwikkelingsvoorsprong heb en de stelling moet openen, bracht me op het idee
van} 11... cxd4 12. exd4 e5 {Ik kon echter de ontwikkelingen niet over zien na}
13. d5 ({Ik raakte vooral geboeid door} 13. dxe5 Qxe5+ 14. Be2 d5 15. b4 Nc5
16. Qc2 d4 $13) 13... e4 14. b4 ({Of} 14. Be2) 14... exf3+ {Toch heb ik het
gevoel dat zwart het van deze variant moet hebben. Nadere analyses zullen dat
moeten uitwijzen.}) 12. Qc2 Nc7 $2 {Moe geworden van alle voorgaande
berekeningen speel ik deze blunder. Op het moment dat ik hem losliet zag ik
dat het mis was.} 13. b4 {39' Die had ik nog wel gezien.} cxb4 14. axb4 Bxb4
15. Rxb4 {Die ook.} Qxb4 16. Nb5 {Natuurlijk. Ik had in mijn vooruitberekenig
alleen gekeken naar} (16. Nd5 Qa3 17. Nxc7 Rac8 $17) 16... Qe7 17. Nxc7 Rac8
18. Na6 Qa3 $1 {52' Die had Sven niet van tevoren zien aankomen. Ik heb geluk
dat ik nog wat spel heb.} 19. Nb4 {46'} ({In aanmerking kwam ook} 19. c5 {
Ik wit nog niet wat ik daarop zou spelen. Ik zat voornamelijk te balen.}) 19...
d5 {53'} ({Misschien had ik toch moeten voortzetten met} 19... Ba4 $5 {Ik weet
niet meer waarm ik dit verworpen heb.}) 20. Qb1 $2 {58'} (20. cxd5 $5) 20...
dxc4 {55'} 21. Bxc4 {Over 60'} Bb7 $2 {Over 60'} ({Ik had wel gekeken naar het
veel betere} 21... Bxf3 {maar ik dacht ten onrechte dat het niet kon wegens}
22. Nc2 (22. Bxe6 Bxg2 $11) 22... Qd6 23. Bb4 Qc6 24. gxf3 Qxc4 25. Bxf8 {
en nu miste ik het eenvoudige} (25. Na3 Qc6 (25... Qc1+) 26. Bxf8 Qxf3 $13)
25... Qc3+ $1 26. Ke2 Qc4+ {met eeuwig schaak.}) 22. Qb3 {55' Sven had hier
achteraf spijt van, maar dameruil is niet slecht.} ({Maar iets als} 22. Bb5 {
is misschien nog beter.}) 22... Qxb3 23. Bxb3 a5 24. Nd3 {53'} Bd5 {54'} 25.
Bd1 {30'} Ra8 $6 {52'} (25... Rfd8) 26. e4 Bc4 27. Ne5 {26'} Bb5 {51'} 28. Be2
{17'} Ba4 {36'} ({Ruil leek me hopeloos. Bijv.} 28... Bxe2 29. Kxe2 Rfc8 30.
Kd3 a4 31. Bb4 b5 (31... a3 32. Nc4) 32. Ra1) 29. Kf2 {16'} Rfb8 {31'} 30. Ra1
{15'} Bb3 $6 {27'} (30... Be8) 31. Bb5 {13'} Ne8 32. Nd7 {11'} Rd8 {26'} 33.
Nxb6 {10'} Rab8 34. Bxa5 $6 (34. Bxe8 Rxe8 35. Bxa5 $18) 34... Rxd4 35. Ne2 {5'
} Rd6 {22'} (35... Rd1) 36. Rb1 {3'} Bc2 37. Rc1 {2'} Bb3 {20'} 38. Rc3 {1'} (
38. Rc5 $1) 38... Ba2 {19'} (38... Bd1) 39. e5 Rd1 {18'} 40. Ke3 Rb1 {Allebei
60' erbij voor de rest van de partij. Wit staat natuurlijk gewonnen, maar hij
begint veel te veel tijd te gebruiken.} 41. Nd4 {49'} g5 $6 {1.07'} (41... f6 {
was beter en op} 42. f4 g5 {Ik moe5 proberen pionnen te ruilen.}) 42. Ba4 {39'}
Kg7 $6 {1.05'} (42... Rb2) 43. Rc2 {32' Gemist.} Bd5 $2 ({Ik had niet gezien
dat er een alternatief was om mijn pionnenstelling intact te laten.} 43... Ra1
44. Bc3 Rb1) 44. Nxd5 exd5 {Dat gaat niet lang meer duren, dacht ik.} 45. Nf5+
{25'} Kf8 {62'} 46. Bxe8 {13'} Rxe8 {59'} 47. Kd4 {10'} Ra8 {55'} 48. Bc7 (48.
Bd2 $18) 48... Rd1+ 49. Kc5 {9'} Ke8 {53'} 50. Rb2 $6 {4' Sven heeft hier nog
4' voor de rest van de partij. Hij borg zijn notatieformulier op en was
duidelijk nerveus. Na zijn laatste zet is de winst ook niet meer zo makkelijk.}
(50. Ne3 $1 $18) 50... Kd7 {52'} 51. Bd6 Rc8+ 52. Kb6 d4 {50'} 53. Kb7 $6 {2'}
(53. Ng3 $5) 53... Rcc1 {Ik wilde probereneen toren te ruilen.} (53... d3 $5)
54. Rb6 (54. Rb5 $5) 54... d3 {49'} 55. Bb4 $6 (55. Ne3 Re1 56. Nd5 Rb1) 55...
Rc7+ 56. Ka6 Rc6 {48'} 57. Ne3 {1' En hoewel ik meteen zag dat ik niet alleen
op tijd ging winnen, maar ook op stelling na Tb1, dacht ik rustig 3' na en
deed toen een 'nog betere zet'.} d2 $4 {45'} (57... Rb1 58. Rxc6 Kxc6 59. Ba5
Rb8 60. Ka7 Rb2 $19) 58. Nxd1 {53" Even zat ik als verlamd achter mijn bord.
Hoe is dit mogelijk? Ik blunder wel eens omdat ik een tactische wending
overzie, maar dit??? Voer voor psychologen.} Rc4 {42' Omdat hij nog 53" had
doe ik nog een paar zetten, hoewel het geen zin heeft, omdat ik moet blijven
noteren. Iemand suggereerde nog dat ik drie kwartier had moeten wachten en dan
ook alles a tempo zetten. Ik ben niet op het ide gekomen omdat ik een nette
opvoeding heb gehad.} ({Ik krijg zelfs geen paard wegens} 58... Rc1 59. Rd6+)
59. Kb5 Rh4 {41'} 60. h3 h5 61. Bxd2 g4 62. fxg4 hxg4 63. Rd6+ Kc8 64. Bg5 gxh3
{Bewust geef ik mijn andere toren ook weg. Misschien denkt hij in een
split-second dat mijn pion doorloopt.} 65. Bxh4 {en ik gaf op. Doodzonde, we
hadden dit punt hard nodig omdat Tigran onverwacht zijn gewonnen stelling
weggaf. Nu werd het een 5,5-4,5 nederlaag.} 1-0

[Event "Euwe Intern II 2006-2007"]
[Site "?"]
[Date "2007.02.08"]
[Round "3"]
[White "Witt, Rob"]
[Black "Moll, Arne"]
[Result "1-0"]
[WhiteElo "2220"]
[BlackElo "2255"]
[Annotator "Witt"]
[PlyCount "93"]
[EventDate "2007.??.??"]

{Een wat merkwaardige partij omdat er eigenlijk niet zoveel gebeurt. Arne
vindt na een rustige opening niet het goede plan, komt wat minder te staan,
verdedigt niet met zijn gebruikelijke taaiheid en gaat er geruisloos af.} 1. d4
Nf6 2. Nf3 e6 3. c4 b6 {Geen Tarrasch of Slavisch deze keer. Arne gaf mij een
tijdje geleden toen ik in een dip zat, het advies om openingen te spelen die
ik zelden speel. Je kijkt met een frisse blik naar nieuwe stellingen en het
bevordert de concentratie. Bij mij heeft het gewerkt. Wellicht probeert Arne
nu zelf die strategie omdat hij de laatste maanden ook niet echt in vorm is.}
4. Nc3 {Bij de topspelers zie je meestal g3 of a3. Maar die partijen ziet Arne
ook en dus besloot ik wat anders te spelen.} Bb4 5. Bg5 Bb7 6. Qc2 {13'} (6.
Nd2 {wordt ook gespeeld.}) 6... h6 {6'} 7. Bh4 O-O {8' Een rustige en gezonde
voortzetting. Het kan ook heel scherp met} (7... g5 8. Bg3 Ne4 9. e3 Bxc3+ 10.
bxc3 d6 11. Bd3 f5 12. d5 {Iemand als Bacrot heeft hiermee met wit vele
partijen gewonnen.}) 8. a3 {16'} Bxc3+ 9. Qxc3 d6 {11'} 10. e3 ({Een andere en
misschien betere speelwijze begint met} 10. Nd2 {met de bedoeling f3 en e4.
Maar ik wil liever eerst mijn ontwikkeling voltooien.}) 10... Nbd7 {15'} 11.
Be2 {22'} ({Fritz en Rybka geven de voorkeur aan} 11. Bd3 {maar voor je het
weet staat er een zwarte pion op e4.}) 11... Qe7 {17'} 12. O-O Rfe8 {A tempo
gespeeld, maar achteraf was Arne hierover niet tevreden. Het lijkt inderdaad
tempoverlies.} ({Sterk in aanmerking kwam} 12... g5 13. Bg3 Ne4 14. Qc2 f5 ({
Wat is eigenlijk het verrassende} 14... h5 $5 {Het ziet er niet gek uit na
bijv.} 15. Bd3 (15. h4 g4 16. Nd2 Nxg3 17. fxg3 f5) 15... f5 16. h4 (16. h3
Nxg3 17. fxg3 g4 18. hxg4 hxg4 19. Nh4 Qg5 $13) 16... Nxg3 ({of} 16... g4) 17.
fxg3 gxh4 18. gxh4 Bxf3 (18... Nf6 19. Ng5 Ng4 $13) 19. Rxf3 Qxh4 20. Rh3 Qg5
$13) 15. Nd2 $13) 13. b4 {26' De eerste nieuwe zet. Bekend was nog} (13. Nd2 {
wat mij niet beviel wegens} Ne4 14. Nxe4 Qxh4 15. Ng3 e5 $6 16. d5 a5 17. b4 e4
$2 18. Qxg7+ Kxg7 19. Nf5+ Kh7 20. Nxh4 $16 {Levacic-Jurka, Brno 1984 (68.1-0)}
) 13... c5 {28'} 14. Qb2 {Over 54'} Rac8 {Over 56'} 15. Nd2 {44' Ik wilde
vervolgen met f3 en e4.} g5 {52' Arne vond dat dit bijna wel moest. Ik begrijp
achteraf niet goed waarom.} 16. Bg3 Ne4 {50' Arne wil graag een stel paarden
ruilen en zijn loper omspelen naar g6. Maar hierna komt wit duidelijk beter te
staan.} 17. Nxe4 {41'} Bxe4 18. f3 Bg6 19. dxc5 $1 {37'} bxc5 {45'} 20. Rfd1 {
24'} d5 {39'} 21. Rac1 $6 {Dit vonden we allebei een goede zet. Maar Fritz
komt met een ander idee wat ik in het geheel niet overwogen heb.} (21. cxd5 $1
exd5 22. Bb5 $1 Qxe3+ (22... cxb4 23. axb4 Qxe3+ 24. Bf2 Qe6 25. Rxa7 $16) 23.
Bf2 Qe6 24. Re1 Qd6 25. Rxe8+ Rxe8 26. bxc5 $16 {Het is inderdaad een prachtig
idee. Mijn lopers hebben ruimte gekregen, ik heb een sterke vrijpion, d5 is
zwak, enz.}) 21... cxb4 $6 {37'} ({Ik verwachtte hier} 21... Nb6 {wat me ook
achteraf beter lijkt. Ik kan me niet meer herinneren wat we hier analyseerden.
Goed lijkt me} 22. cxd5 ({Misschien bekeken we} 22. b5 {gevolgd door Le5.})
22... exd5 23. Ba6 Nc4 24. Qf2 Rcd8 ({of} 24... Nxe3 25. Re1 Rcd8 26. Rxc5 d4
27. Bb5 Rf8 (27... d3 $2 28. Qd2) 28. Be5 $16) 25. e4) 22. axb4 dxc4 {35'} 23.
Rxc4 {23'} (23. Bxc4 $5) 23... Nb6 24. Rxc8 Rxc8 25. e4 {20' Om de een of
andere reden had Arne gemist dat hij nu niet met zijn tren op c2 kon
binnenvallen.} f6 {27' Met de bedoeling e5 om zijn loper via f7 weer in het
spel te brengen.} 26. Bd6 {16'} Qg7 $2 {26'} ({Noodzakelijk was} 26... Qf7) 27.
Qa2 $1 {Verhindert Lf7 omdat dan pion a7 valt.} Qf7 {17'} 28. Bc5 Kg7 {15'} 29.
Qa6 {13'} Qc7 {14'} 30. Rd6 $6 {11'} ({Veel sterker was} 30. Ra1 $1 {en de
a-pion valt.}) 30... Bf7 31. Qd3 (31. Bb5 $5) 31... Na4 {11'} 32. Rd7 Qc6 ({
Taaier was wellicht} 32... Nxc5 33. Rxc7 Nxd3 34. Rxc8 Nxb4 {Wit verovert de
a-pion, maar moet daarna nog techniek tonen om de kwaliteit in winst om te
zetten. Ik neem tenminste aan dat het gewonnen is.}) 33. Bxa7 $18 {10'} Rc7 {6'
} 34. Rxc7 Qxc7 35. Be3 {9'} e5 36. b5 {7'} Nb6 37. h3 h5 {1'} 38. Bf2 {4'}
Qc1+ 39. Qd1 Qc7 40. h4 {3'} Bc4 $2 {Met nog 8" op de klok voor de laatste zet,
een slechte, maar veel maakt het niet uit. Beiden nu 15' erbij.} 41. Bxc4 {
15' Wint geforceerd.} ({Ook} 41. Qc2 {wint een stuk. Wit zet eerst zijn koning
weg en slaat dan op b6.}) 41... Nxc4 42. hxg5 fxg5 {12'} 43. Qc1 Kg6 44. b6 Qc6
{11'} 45. b7 {14'} Na5 46. Qxc6+ Nxc6 47. Ba7 {En Arne gaf op.} 1-0

[Event "Euwe Intern II 2006-2007"]
[Site "?"]
[Date "2007.02.15"]
[Round "4"]
[White "Witt, Rob"]
[Black "Hovenga, Alje"]
[Result "0-1"]
[WhiteElo "2220"]
[BlackElo "2221"]
[Annotator "Witt"]
[PlyCount "70"]
[EventDate "2007.??.??"]

{Jarenlang heb ik tegen Alje de Noteboomvariant ontweken, meestal met succes.
Deze keer besloot ik er maar eens op in te gaan. Dat bleek niet erg verstandig.
Ik wist feilloos aan te tonen dat ik absoluut niks begrijp van dit soort
aparte stellingen. Als je dan ook nog eens niks ziet, dan wordt het een
complete slachting. Toch zijn er een paar interessante momenten aan te wijzen
waar zowel ik als Alje beter hadden kunnen spelen.} 1. d4 d5 2. c4 e6 3. Nc3 ({
Tot nu toe speelde ik tegen Alje altijd} 3. Nf3 c6 4. Qc2 {Het recept dat door
Khalifman in "According to Kramnik" aanbevolen wordt.}) 3... c6 4. Nf3 ({
En hier was het praktischer geweest om met} 4. e3 {over te gaan naar de
Meraner of de Hollandse Stonewall.}) 4... dxc4 5. a4 ({Een laatste
interessante mogelijkheid om de hoofdvarianten van de Noteboom te ontwijken
bestondin} 5. Bg5 $5 {bijv.} Qc7 ({Op het interessante alternatief} 5... f6 $5
{is elke loperzet wel eens gespeeld.}) 6. g3 b5 7. Bg2 Bb7 8. O-O Nd7 9. e4
Ngf6 10. Re1 a6 11. Qc2 Bb4 12. a3 Ba5 13. Bf4 Qb6 14. Rad1 O-O 15. Bd6 $13 {
Cheparinov-Smeets, Wijk aan Zee 2006 (69.1/2-1/2)}) 5... Bb4 6. e3 b5 7. Bd2 a5
8. axb5 Bxc3 9. Bxc3 cxb5 10. b3 Bb7 11. bxc4 {Afgelopen zomer had ik in een
paar vluggertjes tegen Alje de andere hoofdvariant geprobeerd nadat ik in het
prachtige boek van Gelfand de volgende partij had gezien.} (11. d5 Nf6 12. bxc4
b4 13. Bxf6 Qxf6 14. Qa4+ Nd7 15. Nd4 e5 16. Nb3 Ke7 17. Be2 Rhc8 18. Rd1 Nc5
19. Nxc5 Rxc5 20. O-O Ra6 21. Qc2 a4 22. f4 b3 23. Qe4 Kd6 24. Qxh7 e4 25. Qxe4
a3 26. Qd3 b2 27. Qb3 Bc8 28. Qb8+ Kd7 29. Bg4+ Kd8 30. d6 a2 31. d7 {1-0
Gelfand-Piket, Amsterdam 1996}) 11... b4 12. Bb2 ({De enige keer in mijn leven
dat ik iemand de Noteboom gunde, was een aantal jaren geleden tegen Marc
Overeem. Ik ging meteen in de fout met} 12. Bd2 {werd compleet weggespeeld,
maar wist hem uiteindelijk te beschwindelen.}) 12... Nf6 13. Bd3 Nbd7 14. O-O
O-O {De belangrijkste uitgangsstelling van de Noteboom. In mijn database met
ruim 400 partijen scoort wit nog geen 50%.} 15. Re1 {6' Dit had ik Alje zelf
een keer zien spelen in de knsb. Dus zal dat wel een van de beste zijn.
Alternatieven zijn:} (15. Qc2) (15. Nd2) (15. c5) 15... Re8 {4' Hier hield
mijn kennis op, terwijl die van Alje hier pas begint. Ik had rond de Kerst een
aantal partijen nagespeeld die volgens mij verder gingen met} (15... Qc7) ({of
} 15... Ne4) 16. e4 $6 {7' Volgens Alje is dit al onnauwkeurig omdat de zwarte
dame nu niet naar c7 hoeft. Toch blijkt de zet vaak gespeeld te zijn.} ({
Alje gaf na afloop} 16. Qc2 Qc7 17. e4 e5 18. c5 exd4 19. Bxd4 {met een
bekende onduidelijke stelling. Ik zag dat Kramnik in zijn jonge jaren dit
zowel met wit als met zwart een keer gespeeld heeft en beide partijen won.}) ({
Een andere speelwijze is} 16. c5 Bc6 17. Bc2 $13) 16... e5 17. c5 {10'} ({
Fritz suggereert hier het onbekende} 17. Bc2 {bijv.} exd4 18. Qxd4 a4 19. Bxa4
Rxe4 20. Rxe4 Bxe4 $13) 17... exd4 {6' Ik kreeg hier al het onaangename gevoel
dat er iets niet klopte. Omdat zwart Te8 gespeeld heeft i.p. v. Dc7 hangt pion
e4, zodat ik d4 niet terugkrijg.} 18. Qc2 $2 {15' Dit leek ons de enige zet na
afloop. De zet blijkt echter nieuw en slecht. Bekend zijn nog twee andere
zetten waar ik ook niet al teveel vertrouwen in heb.} (18. Rc1 Bxe4 19. c6 Nb6
20. Bxe4 Nxe4 21. c7 $13 {Dimitrijeski-Lipinsky, Berlin 1997 (40.0-1)}) ({en} 
18. Bb5 {Deze zet hadden we wel even genoemd maar weer verworpen zonder
analyse.} Bxe4 19. Qxd4 Qc7 20. c6 Nf8 21. Ne5 Bf5 22. Rec1 {Avrukh-Zhigalko,
Izmir 2004 (55.1/2-1/2)}) 18... Ne5 $6 {18' Niet slecht, maar waarschijnlijk
niet de beste. Ik weet niet welke andere zetten Alje overwogen heeft.} ({
Zeer sterk lijkt} 18... b3 $1 {Een zet die ik in ieder geval gemist heb.} 19.
Qxb3 (19. Qc4 Ba6 20. Qxd4 Bxd3 21. Qxd3 Nxc5 $17) 19... Nxc5 20. Qd1 Nxd3 21.
Qxd3 Bxe4 22. Qxd4 $17) ({Een andere mogelijkheid is} 18... Rc8 {bijv.} 19.
Bxd4 Nxc5 20. Bxc5 Nd7 {wat ook beter voor zwart lijkt.}) 19. Nxe5 Rxe5 20. f4
{20'} Rh5 {21'} 21. h3 $2 {24' Een belangrijk moment waar we in de analyse
totaal geen aandacht aan hebben besteed. Noodzakelijk was} (21. c6 $1 {Ik heb
de zet wel gezien, maar dan komt natuurlijk Tc8 en heb er niet meer naar
gekeken. Op} Rc8 {volgt echter sterk} ({Beter is} 21... Bc8 {met onduidelijke
stelling.}) 22. e5 $1 Rxc6 (22... Bxc6 23. exf6 Qxf6 24. Rac1 $16) 23. Qd1 $16
{en zwart moet een stuk geven waarvoor hij overigens wel wat compensatie heeft.
}) 21... Rc8 {27' Nu staat zwart duidelijk beter, al had ik dat tijdens de
partij nog niet zo door.} 22. f5 {29' Hier had ik op vertrouwd. Ik hoopte dat
de zwarte toren op h5 buiten spel zou komen te staan.} ({Tot gatenkaas leidt} 
22. e5 $2 Nd5 23. Be4 Ba8) 22... Rg5 {33' [Wit nog 56', zwart 52']} ({Na
afloop vonden we dit allebei een goede zet. Maar mogelijk is} 22... Rh4 {
sterker.}) 23. Qc4 $6 {39' Francis vond dit een kutzet of woorden van gelijke
strekking. Ik was het toen niet met hem eens, maar inmiddels wel.} ({We keken
na afloop naar het kwaliteitsoffer} 23. Bc1 Rg3 24. Bf4 Rxd3 25. Qxd3 Rxc5 {
maar kwamen niet tot een afgerond oordeel. Tijdens de partij vond ik het eng
voor wit, maar misschien valt het mee.}) ({Na} 23. Rac1 {om met de dame te
kunnen spelen. volgt lastig} Rg3 $17) 23... Nh5 $6 {45' De zet die ik
verwachtte maar niet de beste.} ({Veel beter is het spelen op veld e5 zoals
Ron na en tijdje vond.} 23... Nd7 $1 24. Qxd4 (24. Bxd4 $2 {faalt op} Nb6 $19)
(24. Bc1 Ne5 ({In een soortgelijke stelling deed Francis altijd} 24... Rxg2+ {
wat nooit goed was, maar hier wel geloof ik.} 25. Kxg2 Nxc5 {en ik zie niet
wat wit moet spelen.}) 25. Bxg5 Qxg5 26. Qc2 Nf3+ 27. Kh1 Nxe1 28. Rxe1 Qe7 29.
Rc1 $19) 24... Nxc5 (24... Qc7) 25. Qxd8+ Rxd8 {ziet er verschrikkelijk uit
voor wit.}) 24. Bxd4 $2 {29' Een verschrikkelijke zet, waar ik geen verklaring
voor heb.} ({Mijn oorspronkelijke bedoeling was} 24. Bf1 {We hebben hier in de
analyse heel lang naar gekeken en vonden het toen beter voor wit na} Nf4 ({
Tijdens de partij had ik Lf1 weer verworpen wegens} 24... Ng3 {maar dat is
onzin want na} 25. Qxd4 {blijft het zwarte voordeel binnen de perken.}) 25. Kh1
({Beter lijkt de zet die we niet bekeken hebben} 25. Qxd4 {bijv.} Nxh3+ 26. Kh1
Nf4 (26... Qc7 27. gxh3 Qg3 28. Re2 {en zwart moet eeuwig schaak houden.}) 27.
Qxd8+ Rxd8 28. Rxa5 $13) 25... d3 {Deze zet die we bekeken hebben maar slecht
geanalyseerd, is waarschijnlijk toch de beste.} (25... Rg3 26. Qxd4 Qh4 {
leek ons niks bijzonders voor zwart, eerder beter voor wit.}) 26. Rad1 (26. Bc1
d2 27. Rd1 Nxh3 28. Rxd2 Qe7 $17) 26... Qe7 {Dit hebben we geloof ik niet
bekeken.} 27. Bc1 (27. Bd4) 27... Rxc5 ({Misschien kan} 27... Nxh3 28. gxh3
Rxf5 29. Qxd3 Rfxc5 {en ik geef de voorkeur aan zwart.}) 28. Qd4 Rxc1 29. Rxc1
h6 30. Ra1 {met onduidelijke stelling.}) 24... Nf4 {41'} 25. Bf1 Nxh3+ 26. Kh1
Nf4 $19 27. Kg1 $2 {27' De rest is een slachting.} (27. Be5) 27... Ba6 $1 {
36' Gemist.} 28. Qxa6 Qxd4+ 29. Kh2 Rf8 30. Ra2 {20'} Rh5+ {32'} 31. Kg3 Qc3+
32. Kxf4 Qxe1 (32... g5+ 33. fxg6 fxg6+) 33. Rxa5 {17'} Qf2+ {31'} 34. Ke5 Rd8
35. Qc4 {16'} Qg3# 0-1